00464 a2200181 450000100060000002000150000604000240002110000230004524000210006824500160008930000070010536200090011244000080012165000240012994200070015395201050016099900170026568922 a8532220460 cAnchieta - Itaigara aMachado, Ana Maria10aJoão Bobolpor10aJoão Bobo a230 a1998 1aFTD 4aLiteratura infantil cBK 00104070a88.1b88.1d2023-11-21l0oLI 028.5 JOÃp742/ITAr2023-11-21 20:03:16w2023-11-21yBK c68922d68922